| 000 -LEADER |
| fixed length control field |
01649cam a2200301 a 4500 |
| 001 - CONTROL NUMBER |
| control field |
16878976 |
| 003 - CONTROL NUMBER IDENTIFIER |
| control field |
NUST |
| 005 - DATE AND TIME OF LATEST TRANSACTION |
| control field |
20221230153252.0 |
| 008 - FIXED-LENGTH DATA ELEMENTS--GENERAL INFORMATION |
| fixed length control field |
110719s2011 nyua b 001 0 eng |
| 010 ## - LIBRARY OF CONGRESS CONTROL NUMBER |
| LC control number |
2011934683 |
| 020 ## - INTERNATIONAL STANDARD BOOK NUMBER |
| International Standard Book Number |
9781461403630 |
| 040 ## - CATALOGING SOURCE |
| Original cataloging agency |
DLC |
| Transcribing agency |
DLC |
| Modifying agency |
DLC |
| 042 ## - AUTHENTICATION CODE |
| Authentication code |
pcc |
| 050 00 - LIBRARY OF CONGRESS CALL NUMBER |
| Classification number |
TK6570.M6 |
| Item number |
S78 2011 |
| 082 00 - DEWEY DECIMAL CLASSIFICATION NUMBER |
| Classification number |
621.38456,STU |
| Edition number |
23 |
| 100 1# - MAIN ENTRY--PERSONAL NAME |
| Personal name |
Stüber, Gordon L., |
| Dates associated with a name |
1958- |
| 9 (RLIN) |
106502 |
| 245 10 - TITLE STATEMENT |
| Title |
Principles of mobile communication / |
| Statement of responsibility, etc. |
Gordon L. Stüber. |
| 250 ## - EDITION STATEMENT |
| Edition statement |
3rd ed. |
| 260 ## - PUBLICATION, DISTRIBUTION, ETC. |
| Place of publication, distribution, etc. |
New York : |
| Name of publisher, distributor, etc. |
Springer, |
| Date of publication, distribution, etc. |
c2011. |
| 300 ## - PHYSICAL DESCRIPTION |
| Extent |
xxiii, 830 p. : |
| Other physical details |
ill. ; |
| Dimensions |
24 cm. |
| 505 ## - FORMATTED CONTENTS NOTE |
| Formatted contents note |
Introduction (Page-1), Propagation Modeling (Page-43), Co- Channel Interference (Page-165), Digital Modulation and Power Spectrum (Page-189), Digital Signaling on Flat Fading Channels (Page-271), Multi - Antenna Techniques (Page-325), Equalization and Interference Cancellation (Page-373), Error Control Coding (Page-457), Spread Spectrum Techniques (Page-527), Multi - Carrier Techniques (Page-583), Frequency Planning Techniques (Page-621), CDMA Cellular Systems (Page-665), Radio Resource Management (Page-705), probability and Random Processes (Page-771). |
| 650 #0 - SUBJECT ADDED ENTRY--TOPICAL TERM |
| Topical term or geographic name entry element |
Mobile communication systems. |
| 9 (RLIN) |
18556 |
| 856 42 - ELECTRONIC LOCATION AND ACCESS |
| Materials specified |
Contributor biographical information |
| Uniform Resource Identifier |
<a href="http://www.loc.gov/catdir/enhancements/fy1316/2011934683-b.html">http://www.loc.gov/catdir/enhancements/fy1316/2011934683-b.html</a> |
| 856 42 - ELECTRONIC LOCATION AND ACCESS |
| Materials specified |
Publisher description |
| Uniform Resource Identifier |
<a href="http://www.loc.gov/catdir/enhancements/fy1316/2011934683-d.html">http://www.loc.gov/catdir/enhancements/fy1316/2011934683-d.html</a> |
| 856 41 - ELECTRONIC LOCATION AND ACCESS |
| Materials specified |
Table of contents only |
| Uniform Resource Identifier |
<a href="http://www.loc.gov/catdir/enhancements/fy1316/2011934683-t.html">http://www.loc.gov/catdir/enhancements/fy1316/2011934683-t.html</a> |
| 906 ## - LOCAL DATA ELEMENT F, LDF (RLIN) |
| a |
7 |
| b |
cbc |
| c |
origcop |
| d |
2 |
| e |
epcn |
| f |
20 |
| g |
y-gencatlg |
| 942 ## - ADDED ENTRY ELEMENTS (KOHA) |
| Source of classification or shelving scheme |
|
| Koha item type |
Book |
| Call number prefix |
621.38456,STU |